[Event "Women's Speed Chess Q7"]
[Site "chess.com INT"]
[Date "2021.06.06"]
[Round "15"]
[White "Gunina, Valentina"]
[Black "Nguyen, Hong Anh"]
[Result "1/2-1/2"]
[WhiteTitle "GM"]
[BlackTitle "WIM"]
[WhiteElo "2436"]
[BlackElo "1993"]
[WhiteFideId "4167570"]
[BlackFideId "12406732"]
[EventDate "2021.06.06"]

1. d4 Nf6 2. Nf3 g6 3. g3 Bg7 4. Bg2 O-O 5. O-O d5 6. c4 dxc4 7. Na3 Na6 8. Nxc4
c5 9. Bf4 Nd5 10. Be5 f6 11. Bf4 Nxf4 12. gxf4 Be6 13. b3 Bd5 14. dxc5 Nxc5 15.
Qd4 Ne6 16. Qe3 Qc7 17. f5 Nf4 18. fxg6 hxg6 19. Rac1 Nxg2 20. Kxg2 b5 21. Ne5
Qxe5 22. Qxe5 fxe5 23. Rc5 Bxf3+ 24. exf3 a6 25. Rc7 Bf6 26. Rfc1 Rad8 27. R1c2
Rd6 28. Ra7 Rfd8 29. Kg3 Rd2 30. Rxd2 Rxd2 31. Rxa6 Rd3 32. Kg2 Kf7 33. Rb6 Rd2
34. Rxb5 Rxa2 35. Kg3 Ke6 36. h4 Kf5 37. f4 Rb2 38. fxe5 Bg7 39. f4 Bh6 40. e6+
Kxe6 41. Kg4 Rg2+ 42. Kf3 Rg1 43. h5 gxh5 44. Rb6+ Kf7 45. Rxh6 Rb1 46. Rxh5
Rxb3+ 47. Kg4 Rb4 48. Re5 Rb6 49. Rf5+ Rf6 50. Rxf6+ Kxf6 51. Kf3 Kf5 52. Ke3 e5
53. fxe5 Kxe5 1/2-1/2

[Event "Women's Speed Chess Q7"]
[Site "chess.com INT"]
[Date "2021.06.06"]
[Round "15"]
[White "Nurmanova, Alua"]
[Black "Nandhidhaa, P V"]
[Result "0-1"]
[WhiteTitle "WFM"]
[BlackTitle "WGM"]
[WhiteElo "2093"]
[BlackElo "2365"]
[WhiteFideId "13729390"]
[BlackFideId "5050847"]
[EventDate "2021.06.06"]

1. e4 c5 2. Nf3 e6 3. d4 cxd4 4. Nxd4 Nc6 5. Nc3 Qc7 6. g3 a6 7. Bg2 h5 8. h3
Nf6 9. Be3 Be7 10. f4 d6 11. O-O Bd7 12. Qe2 Nxd4 13. Bxd4 Bc6 14. Rad1 e5 15.
Be3 Rd8 16. f5 b5 17. a3 Qb7 18. Bg5 a5 19. Bxf6 Bxf6 20. Nd5 b4 21. axb4 axb4
22. Qc4 Bxd5 23. Rxd5 Bg5 24. Kh1 O-O 25. Qe2 Rc8 26. Qxh5 Be3 27. f6 g6 28. Qf3
Bh6 29. Qe2 Rfd8 30. Rfd1 Qc6 31. c3 bxc3 32. bxc3 Qxc3 33. Rxd6 Rxd6 34. Rxd6
Qxg3 35. Qd1 Rc1 36. Rd8+ Kh7 37. Qxc1 Bxc1 38. Rf8 Bf4 39. Rxf7+ Kg8 40. Rg7+
Kf8 41. Kg1 Be3+ 42. Kh1 Qe1+ 43. Kh2 Bf4# 0-1

[Event "Women's Speed Chess Q7"]
[Site "chess.com INT"]
[Date "2021.06.06"]
[Round "15"]
[White "Mendoza, Shania Mae"]
[Black "Purtseladze, Maka"]
[Result "0-1"]
[WhiteTitle "WFM"]
[BlackTitle "IM"]
[WhiteElo "2158"]
[BlackElo "2274"]
[WhiteFideId "5211158"]
[BlackFideId "13602659"]
[EventDate "2021.06.06"]

1. e4 e6 2. d4 d5 3. Nc3 Nf6 4. Bg5 Be7 5. e5 Nfd7 6. h4 a6 7. Qg4 Bxg5 8. hxg5
c5 9. g6 f5 10. Rxh7 Rg8 11. Qh5 Qe7 12. Nf3 Nc6 13. O-O-O Nxd4 14. Nxd4 cxd4
15. Ne2 Nxe5 16. Nxd4 Bd7 17. f4 Nc6 18. Nf3 O-O-O 19. Bd3 Qf6 20. Ng5 Be8 21.
Nxe6 Bxg6 22. Qh4 Qxe6 23. Rh5 Bxh5 24. Qxh5 g6 25. Qg5 Qe3+ 26. Kb1 Nb4 27. a3
Nxd3 28. Rxd3 Qe1+ 29. Ka2 Qe6 30. Rc3+ Kb8 31. Qh6 Rc8 32. Rb3 d4 33. Qh7 Qd5
34. Qe7 Rge8 35. Qg7 Red8 36. a4 Rd7 37. Qxg6 Rxc2 38. Qe8+ Ka7 39. Qe1 Rc6 40.
Qb4 a5 41. Qb5 Qxb5 42. Rxb5 Rb6 43. Rxa5+ Ra6 44. Rxf5 d3 45. Rd5 Rxd5 46. f5
d2 47. g4 d1=Q 48. f6 Qxa4+ 49. Kb1 Rd1# 0-1

[Event "Women's Speed Chess Q7"]
[Site "chess.com INT"]
[Date "2021.06.06"]
[Round "15"]
[White "Vantika, Agrawal"]
[Black "Ortiz Verdezoto, Anahi"]
[Result "0-1"]
[WhiteTitle "WIM"]
[BlackTitle "WIM"]
[WhiteElo "2286"]
[BlackElo "2013"]
[WhiteFideId "25050389"]
[BlackFideId "3614581"]
[EventDate "2021.06.06"]

1. d4 Nf6 2. c4 e6 3. g3 c5 4. d5 g6 5. Bg2 Bg7 6. Nc3 O-O 7. Nf3 b6 8. O-O Bb7
9. e4 d6 10. Re1 e5 11. a3 a6 12. b4 Nbd7 13. Rb1 cxb4 14. axb4 Rc8 15. Nd2 b5
16. Bf1 Nb6 17. c5 dxc5 18. bxc5 Rxc5 19. Na2 Rc8 20. Ba3 Re8 21. Nb4 Nfd7 22.
h4 Nc5 23. Rc1 Nba4 24. Bh3 Rc7 25. Qf3 a5 26. Nc6 Bxc6 27. Bxc5 Nxc5 28. Rxc5
Bd7 29. Rxc7 Qxc7 30. Bxd7 Qxd7 31. h5 b4 32. hxg6 hxg6 33. Rc1 a4 34. Nc4 b3
35. Qc3 Rc8 36. Qb2 Qb5 37. Nd6 Rxc1+ 38. Qxc1 Qd7 39. Nc4 Qc7 40. d6 Qc6 41.
Qd2 Qxc4 42. d7 Bf6 43. d8=Q+ Bxd8 44. Qxd8+ Kg7 45. Qe7 Qd4 46. Qa3 Qxe4 47.
Qc5 Qe1+ 48. Kg2 Qe4+ 49. Kg1 b2 50. Qb6 b1=Q+ 51. Qxb1 Qxb1+ 52. Kg2 a3 53. Kh2
a2 54. Kh3 a1=Q 55. Kg4 Qd4+ 56. Kg5 Qf5# 0-1

[Event "Women's Speed Chess Q7"]
[Site "chess.com INT"]
[Date "2021.06.06"]
[Round "15"]
[White "Szente Varga, Fruzsina"]
[Black "Mohota, Nisha"]
[Result "1-0"]
[WhiteTitle "WFM"]
[BlackTitle "IM"]
[WhiteElo "2100"]
[BlackElo "2195"]
[WhiteFideId "712264"]
[BlackFideId "5004330"]
[EventDate "2021.06.06"]

1. e4 Nf6 2. e5 Nd5 3. d4 d6 4. Bc4 c6 5. f4 g6 6. Nf3 Bg7 7. O-O O-O 8. Bb3 Bg4
9. c3 Nd7 10. Nbd2 Ne3 11. Qe2 Nxf1 12. Nxf1 dxe5 13. fxe5 e6 14. Ne3 Bxf3 15.
Qxf3 Nb6 16. Ng4 Nd5 17. Bh6 a5 18. Rf1 Qh4 19. g3 Qh3 20. Bxg7 Kxg7 21. Bxd5
exd5 22. Qf6+ Kg8 23. Rf4 Rae8 24. Nf2 Re6 25. Nxh3 Rxf6 26. Rxf6 Re8 27. Nf4
Kg7 28. Rd6 Re7 29. e6 fxe6 30. Nxe6+ Kf7 31. Nd8+ Kg7 32. Ne6+ Kf7 33. Nc5 Re2
34. Nxb7 Rxb2 35. Nxa5 Rxa2 36. Nxc6 Rc2 37. Ne5+ Ke7 38. Rc6 Rc1+ 39. Kg2 Rc2+
40. Kh3 h5 41. Nxg6+ Kd7 42. Ne5+ Ke7 43. Rc5 Ke6 44. Ng6 Kf6 45. Nf4 Kf5 46.
Rxd5+ Ke4 47. Rc5 Kf3 48. Nxh5 Ke4 49. Nf6+ Kd3 50. d5 Ke3 51. d6 Rd2 52. Rd5 1-0

[Event "Women's Speed Chess Q7"]
[Site "chess.com INT"]
[Date "2021.06.06"]
[Round "15"]
[White "Koridze, Lile"]
[Black "Eswaran, Ashritha"]
[Result "0-1"]
[WhiteTitle "WFM"]
[BlackTitle "WIM"]
[WhiteElo "2016"]
[BlackElo "2244"]
[WhiteFideId "13612514"]
[BlackFideId "2080788"]
[EventDate "2021.06.06"]

1. d4 Nf6 2. c4 e6 3. Nc3 Bb4 4. e3 O-O 5. Nf3 d5 6. Bd3 dxc4 7. Bxc4 c5 8. O-O
Nc6 9. a3 Bxc3 10. bxc3 b6 11. Qe2 Bb7 12. Rd1 Na5 13. Bd3 c4 14. Bc2 Be4 15.
Rb1 Qd5 16. Ne1 Bxc2 17. Nxc2 Ne4 18. Qe1 f5 19. f3 Nf6 20. Nb4 Qd7 21. Qe2 Rae8
22. e4 fxe4 23. fxe4 Qb7 24. Re1 Rf7 25. Bg5 Ref8 26. Rbd1 Nxe4 27. Qe3 b5 28.
Bh4 Nb3 29. h3 a5 30. Nc2 Qd5 31. Qxe4 Rf1+ 32. Kh2 Qxe4 33. Rxe4 Rxd1 34. Rxe6
Rd2 35. Ne3 Nc1 36. Be7 Re8 37. Nf5 Nd3 38. Nd6 Rxg2+ 39. Kh1 Ra8 40. Re3 Rd2
41. Bg5 Rf8 42. Kg1 Rff2 43. Re8+ Rf8 44. Re3 Rc2 45. Re7 h6 46. Be3 Re2 47.
Nxb5 Nc1 48. d5 Nd3 49. d6 Nf4 50. d7 Nxh3+ 51. Kh1 Rf1+ 52. Bg1 Rxg1# 0-1

[Event "Women's Speed Chess Q7"]
[Site "chess.com INT"]
[Date "2021.06.06"]
[Round "15"]
[White "Tokhirjonova, Gulrukhbegim"]
[Black "Vo, Thi Kim Phung"]
[Result "0-1"]
[WhiteTitle "WGM"]
[BlackTitle "WGM"]
[WhiteElo "2344"]
[BlackElo "2335"]
[WhiteFideId "14203626"]
[BlackFideId "12401838"]
[EventDate "2021.06.06"]

1. Nf3 Nf6 2. g3 g6 3. Bg2 Bg7 4. O-O O-O 5. d4 d5 6. c4 dxc4 7. Na3 c5 8. Nxc4
Be6 9. Nce5 cxd4 10. Nxd4 Bd5 11. Bf4 Bxg2 12. Kxg2 Qd5+ 13. Ndf3 Na6 14. Rc1
Rfd8 15. Qa4 Nh5 16. Rfd1 Nxf4+ 17. Qxf4 Qxa2 18. Rxd8+ Rxd8 19. Rc4 f6 20. Nd3
Qa5 21. h4 e5 22. Qe4 Qd5 23. Qxd5+ Rxd5 24. Rc8+ Bf8 25. g4 Rb5 26. Nd2 Kf7 27.
Ne4 Be7 28. g5 f5 29. Nc3 Ra5 30. Rh8 Kg7 31. Re8 Kf7 32. Rh8 Kg7 33. Re8 Bd6
34. f3 Nb4 35. Nxb4 Bxb4 36. e4 Bxc3 37. bxc3 Rb5 38. Re7+ Kg8 39. Rc7 f4 40.
Kh3 a5 41. Kg4 a4 42. h5 gxh5+ 43. Kxh5 a3 44. g6 hxg6+ 45. Kxg6 Rb6+ 46. Kf5 a2
47. Rc8+ Kf7 48. Rc7+ Ke8 49. Rc8+ Kd7 50. Ra8 Ra6 51. Rxa6 bxa6 52. Kxe5 a1=Q
53. Kd5 Qxc3 54. e5 Qxf3+ 55. Kc5 Qe3+ 56. Kd5 f3 57. e6+ Ke7 58. Kc6 f2 59. Kb7
f1=Q 60. Kc8 Qc5+ 61. Kb8 Qb1+ 0-1

[Event "Women's Speed Chess Q7"]
[Site "chess.com INT"]
[Date "2021.06.06"]
[Round "15"]
[White "Gevorgyan, Maria"]
[Black "Kotepalli, Sai Nirupama"]
[Result "0-1"]
[WhiteTitle "WGM"]
[BlackTitle "WFM"]
[WhiteElo "2219"]
[BlackElo "1914"]
[WhiteFideId "13300270"]
[BlackFideId "5039444"]
[EventDate "2021.06.06"]

1. e4 c5 2. Nc3 e6 3. f4 Nc6 4. Nf3 g6 5. Bb5 Bg7 6. Bxc6 bxc6 7. d3 Ne7 8. Be3
d6 9. O-O O-O 10. Qd2 Rb8 11. b3 Qa5 12. e5 Qc7 13. exd6 Qxd6 14. Ne4 Qd8 15.
Bxc5 Bxa1 16. Rxa1 f5 17. Neg5 Re8 18. Re1 Nd5 19. c4 Nf6 20. Qc3 h6 21. Nh3 Ng4
22. Nf2 Nxf2 23. Kxf2 Qc7 24. Ne5 Qg7 25. Qd4 Bb7 26. Bxa7 Ra8 27. a4 c5 28.
Bxc5 Rad8 29. Qe3 g5 30. a5 gxf4 31. Qh3 Rc8 32. b4 Kh7 33. Bd4 Rcd8 34. Bc3 Rg8
35. Rg1 Rd6 36. d4 Qg5 37. Nf3 Qg7 38. c5 Rdd8 39. Re1 Be4 40. Rxe4 fxe4 41. Ne5
e3+ 42. Kf3 Rd5 43. Be1 Rxe5 44. dxe5 Qxe5 45. Ke2 Qd5 46. Kf1 Qd3+ 47. Kg1 Qe2 0-1

[Event "Women's Speed Chess Q7"]
[Site "chess.com INT"]
[Date "2021.06.06"]
[Round "15"]
[White "Babiy, Olga"]
[Black "Sliwicka, Alicja"]
[Result "1-0"]
[WhiteTitle "WGM"]
[BlackTitle "WIM"]
[WhiteElo "2280"]
[BlackElo "2308"]
[WhiteFideId "14117258"]
[BlackFideId "1150677"]
[EventDate "2021.06.06"]

1. d4 Nf6 2. Nf3 c5 3. dxc5 e6 4. e3 Bxc5 5. b3 d5 6. Bb2 O-O 7. Nbd2 Nc6 8. Bd3
Re8 9. a3 e5 10. e4 d4 11. O-O Bg4 12. h3 Bh5 13. Re1 Qd7 14. Nf1 Rad8 15. Ng3
Bg6 16. Qd2 Nh5 17. Nxh5 Bxh5 18. Be2 Bg6 19. Bd3 h6 20. Nh4 Bh7 21. Qe2 Be7 22.
Nf5 Bf6 23. Qf3 Bxf5 24. exf5 Ne7 25. a4 Nd5 26. Bb5 Qd6 27. Bxe8 Rxe8 28. Bxd4
Nf4 29. Be3 Nd5 30. Rad1 e4 31. Qe2 Qc6 32. Qc4 Qxc4 33. bxc4 Nc3 34. Rd7 b6 35.
Rxa7 Rc8 36. Bxb6 Rxc4 37. a5 Ra4 38. Rc7 Na2 39. g3 Nb4 40. Rxe4 Ra1+ 41. Kg2
Nd5 42. Rc8+ Kh7 43. Ree8 g5 44. fxg6+ Kxg6 45. Rg8+ Kf5 46. Bd8 Bd4 47. Bb6 Be5
48. Rc5 Nc3 49. Re8 f6 50. Rexe5+ fxe5 51. Rxc3 Ke4 52. Re3+ Kd5 53. Kf3 e4+ 54.
Rxe4 Ra3+ 55. Re3 Ra2 56. c3 Kc4 57. Re6 h5 58. Re5 Kxc3 59. Rxh5 Kb4 60. Re5 1-0

[Event "Women's Speed Chess Q7"]
[Site "chess.com INT"]
[Date "2021.06.06"]
[Round "15"]
[White "Perez Rodriguez, Jennifer"]
[Black "Pandey, Srishti"]
[Result "1-0"]
[WhiteTitle "WIM"]
[BlackTitle "WFM"]
[WhiteElo "2251"]
[BlackElo "2026"]
[WhiteFideId "3507831"]
[BlackFideId "35093290"]
[EventDate "2021.06.06"]

1. e4 e6 2. d4 d5 3. Bd3 c5 4. exd5 exd5 5. Nf3 c4 6. Be2 Nf6 7. O-O Bd6 8. Re1
O-O 9. b3 cxb3 10. axb3 Nc6 11. c3 Re8 12. b4 h6 13. Nbd2 Bf5 14. Nf1 Ne4 15.
Qb3 a6 16. Ng3 Nxg3 17. hxg3 Be7 18. Bf4 Bf6 19. b5 Na5 20. Qb4 axb5 21. Bxb5
Nc6 22. Qb3 Be4 23. Nd2 Qb6 24. Nxe4 dxe4 25. Bc4 Qxb3 26. Bxb3 Na5 27. Bd5 Rec8
28. Bd2 Nc6 29. Bxe4 Rxa1 30. Rxa1 Re8 31. Bf3 Ne7 32. Rb1 b6 33. Rxb6 Nf5 34.
Bf4 Re1+ 35. Kh2 g5 36. Bd2 Ra1 37. Be4 Ne7 38. Rb8+ Kg7 39. g4 Ng6 40. Be3 Nh4
41. g3 Ng6 42. Bxg6 Kxg6 43. Kg2 Bg7 44. c4 Ra3 45. c5 Rc3 46. Rc8 Bf6 47. c6
Kg7 48. d5 Be5 49. Bb6 Rd3 50. Rd8 Rb3 51. Bc5 Rc3 52. Bd6 Bf6 53. Rd7 Kg6 54.
c7 Bd4 55. Rd8 Rc2 56. Kf1 Rxf2+ 57. Ke1 Rc2 58. c8=Q Rxc8 59. Rxc8 Bg7 60. Bc7
h5 61. d6 1-0

[Event "Women's Speed Chess Q7"]
[Site "chess.com INT"]
[Date "2021.06.06"]
[Round "15"]
[White "Varshini, V"]
[Black "Head, Louise"]
[Result "1/2-1/2"]
[WhiteTitle "WGM"]
[BlackTitle "WFM"]
[WhiteElo "2226"]
[BlackElo "2090"]
[WhiteFideId "5091241"]
[BlackFideId "424773"]
[EventDate "2021.06.06"]

1. e4 c6 2. d4 d5 3. e5 c5 4. c3 cxd4 5. cxd4 Nc6 6. Nc3 Bf5 7. Nf3 e6 8. a3
Nge7 9. Bd3 Bxd3 10. Qxd3 Nc8 11. O-O Be7 12. Nd2 O-O 13. f4 f6 14. Nf3 fxe5 15.
fxe5 Nb6 16. b3 a5 17. Bd2 a4 18. Nxa4 Nxa4 19. bxa4 Rxa4 20. Rfb1 Qd7 21. Qb5
Ra7 22. a4 Rfa8 23. Be3 Qc7 24. h3 Nb4 25. Rxb4 Bxb4 26. Qxb4 Qd7 27. a5 Qc7 28.
Bd2 b6 29. Rc1 bxa5 30. Rxc7 axb4 31. Rxa7 Rxa7 32. Bxb4 h6 33. Bc5 Ra2 34. Kh2
Kf7 35. Kg3 g6 36. Nh4 Rb2 37. Nf3 Rb3 38. Kh2 Rc3 39. Ne1 Rb3 40. Nc2 Rd3 41.
Nb4 Rd2 42. Nc6 Ke8 43. Ne7 g5 44. Ng8 h5 45. Nf6+ Kf7 46. Nxh5 Kg6 47. Nf6 Kf5
48. Ng4 Kf4 49. Nh6 Ra2 50. Nf7 g4 51. hxg4 Kxg4 52. Nd8 Kf5 53. Kh3 Rd2 54. g4+
Kf4 55. Nxe6+ Kf3 56. g5 Rd1 57. Kh2 Rd2+ 58. Kg1 Rd1+ 59. Kh2 Rd2+ 60. Kh3 Rd1
61. Kh2 1/2-1/2

[Event "Women's Speed Chess Q7"]
[Site "chess.com INT"]
[Date "2021.06.06"]
[Round "15"]
[White "Hng, Mei-En Emmanuelle"]
[Black "Grineva, Marianna"]
[Result "0-1"]
[WhiteTitle "WFM"]
[BlackTitle "WFM"]
[WhiteElo "2013"]
[BlackElo "2029"]
[WhiteFideId "5804566"]
[BlackFideId "14102013"]
[EventDate "2021.06.06"]

1. e4 c6 2. d4 d5 3. e5 h5 4. Bd3 h4 5. h3 Nh6 6. Nf3 Bf5 7. Bxh6 Bxd3 8. Qxd3
Rxh6 9. Nc3 Na6 10. a3 Nc7 11. O-O-O Ne6 12. Qf5 g6 13. Qd3 Rh5 14. Ne2 Bh6+ 15.
Kb1 Qb6 16. g4 hxg3 17. Nxg3 Nf4 18. Qf1 O-O-O 19. Nxh5 Nxh5 20. e6 f6 21. Rg1
Nf4 22. Qe1 Rh8 23. h4 Qc7 24. Rg4 Qd6 25. Qg1 Kc7 26. Rxg6 Nxg6 27. Qxg6 Bf4
28. Qf5 Rg8 29. h5 Rg2 30. Rf1 b5 31. h6 Bxh6 32. Qh3 Qf4 33. Qxg2 Kb6 34. c3
Qe4+ 35. Ka2 Qxe6 36. Nd2 Qe2 37. Nb3 Qc4 38. f4 a5 39. Qg6 Bf8 40. Qe8 a4 41.
Qb8+ Ka6 42. Qa8+ Kb6 43. Qb8+ Ka6 44. Qc8+ Kb6 45. Qd8+ Ka6 46. Qa8+ Kb6 47.
Qa5+ Kb7 48. Re1 Qxb3+ 49. Kb1 Qc4 50. Qd8 Qd3+ 51. Ka1 Qd2 52. Rb1 Bh6 53.
Qxe7+ Kb6 54. Qc5+ Kb7 55. Qe7+ Kb6 56. Qxf6 Bxf4 57. Qd8+ Bc7 58. Qd7 Qd3 0-1

[Event "Women's Speed Chess Q7"]
[Site "chess.com INT"]
[Date "2021.06.06"]
[Round "15"]
[White "Dong, Khanh Linh"]
[Black "Fominykh, Maria"]
[Result "1-0"]
[WhiteTitle "WCM"]
[BlackTitle "WGM"]
[WhiteElo "1970"]
[BlackElo "2206"]
[WhiteFideId "12403040"]
[BlackFideId "4142411"]
[EventDate "2021.06.06"]

1. Nf3 Nf6 2. g3 g6 3. Bg2 Bg7 4. O-O O-O 5. c4 d6 6. Nc3 Nc6 7. a3 a6 8. b4 Bd7
9. Bb2 e5 10. d3 Re8 11. Qc2 Qc8 12. b5 Nd4 13. Nxd4 exd4 14. Nd5 Nxd5 15. Bxd5
c6 16. bxc6 Bxc6 17. Bxc6 bxc6 18. Rfe1 c5 19. a4 Rb8 20. Rab1 Qc6 21. Ba3 Rb7
22. Rxb7 Qxb7 23. Rb1 Qc6 24. a5 h5 25. Rb6 Qc7 26. Rxa6 Rb8 27. Bc1 Rb4 28. Bf4
Qb7 29. Rb6 Rxb6 30. axb6 Qxb6 31. Qa4 Kh7 32. Qe8 Qb1+ 33. Kg2 Qb7+ 34. f3 Qc7
35. Qe4 Be5 36. Bxe5 dxe5 37. Qd5 Kg7 38. h4 f6 39. g4 hxg4 40. fxg4 Kh6 41. Kf3
Qc8 42. Kg3 Qc7 43. Kh3 f5 44. g5+ Kg7 45. Qe6 Qb8 46. h5 gxh5 47. Qf6+ Kg8 48.
g6 Qf8 49. Qxe5 Qg7 50. Qd5+ Kf8 51. Qxc5+ Ke8 52. Qxf5 Qe7 53. Qxh5 Qe3+ 54.
Kg2 Kf8 55. Qh8+ Ke7 56. Qh7+ Kf6 57. Qh5 Kg7 58. Qf3 Qg5+ 59. Qg3 Qe3 60. Qxe3
dxe3 61. Kf3 Kxg6 62. Kxe3 Kf6 63. Kd4 1-0

[Event "Women's Speed Chess Q7"]
[Site "chess.com INT"]
[Date "2021.06.06"]
[Round "15"]
[White "Komiagina, Maria"]
[Black "Eswaran, Aksithi"]
[Result "1-0"]
[WhiteTitle "WIM"]
[BlackTitle "WCM"]
[WhiteElo "2241"]
[BlackElo "1745"]
[WhiteFideId "4153987"]
[BlackFideId "2083485"]
[EventDate "2021.06.06"]

1. d4 d5 2. Bf4 Nf6 3. e3 e6 4. Nf3 c5 5. Nbd2 Nc6 6. Bb5 Bd6 7. dxc5 Bxc5 8.
O-O Bd6 9. c3 O-O 10. Bg3 a6 11. Bd3 e5 12. e4 Bg4 13. h3 Bh5 14. Qe2 d4 15.
Rad1 Qc7 16. c4 Rad8 17. a3 Rfe8 18. b4 b5 19. c5 Bf8 20. Nb3 Qb7 21. Rc1 Bg6
22. Qc2 h6 23. Nfd2 Kh7 24. f4 exf4 25. Bxf4 Ne5 26. Rce1 Nxd3 27. Qxd3 Nxe4 28.
Nxe4 Bxe4 29. Qg3 Bg6 30. Nd2 d3 31. Kh2 Re2 32. Rxe2 dxe2 33. Re1 Re8 34. Nf3
Qe4 35. Ne5 Qc4 36. c6 Qa2 37. Nxg6 fxg6 38. c7 Qc4 39. Bd6 Bxd6 40. Qxd6 Qc3
41. Qg3 Qxg3+ 42. Kxg3 Kg8 43. Kf2 Kf7 44. Rxe2 Rc8 45. Rc2 Ke7 46. Ke3 Kd7 47.
Ke4 Rxc7 48. Rxc7+ Kxc7 49. Ke5 Kd7 50. Kd5 g5 51. Ke5 g6 52. Kf6 h5 53. Kxg6 g4
54. Kxh5 gxh3 55. gxh3 Ke6 56. Kg6 Ke5 57. h4 Kd4 58. h5 Kc3 59. h6 Kb3 60. h7
Kxa3 61. h8=Q Kxb4 62. Qd4+ Ka5 63. Qb2 b4 64. Kf6 Kb5 65. Ke6 a5 66. Kd5 a4 67.
Qe2+ Ka5 68. Qe8 a3 69. Kc4 a2 70. Qa8+ Kb6 71. Qxa2 Kc6 72. Qb3 Kd6 73. Qxb4+ 1-0

[Event "Women's Speed Chess Q7"]
[Site "chess.com INT"]
[Date "2021.06.06"]
[Round "15"]
[White "Garifullina, Leya"]
[Black "Bivol, Alina"]
[Result "1-0"]
[WhiteTitle "WGM"]
[BlackTitle "WGM"]
[WhiteElo "2399"]
[BlackElo "2374"]
[WhiteFideId "34127035"]
[BlackFideId "4100123"]
[EventDate "2021.06.06"]

1. e4 e6 2. d4 d5 3. Nc3 Nf6 4. e5 Nfd7 5. f4 c5 6. Nf3 Nc6 7. Be3 a6 8. Qd2 b5
9. h3 Qb6 10. Ne2 cxd4 11. Nexd4 Bc5 12. c3 Bb7 13. Be2 Nxd4 14. cxd4 Be7 15.
O-O g6 16. Bd3 a5 17. Rac1 b4 18. Ng5 Ba6 19. Rc2 Bxd3 20. Qxd3 h6 21. Nf3 Qb7
22. Rfc1 O-O 23. Rc7 Qb6 24. Rxd7 Bd8 25. Rd6 Qb7 26. Rdc6 a4 27. b3 axb3 28.
axb3 Ra2 29. R6c2 Ra3 30. Bd2 Ba5 31. Rc5 Ra8 32. Qc2 Bd8 33. Be3 Ra2 34. Qd3
Kg7 35. R1c2 Ra1+ 36. Kh2 Qa7 37. Rc1 Ra2 38. R5c2 Ra3 39. Nd2 Bb6 40. Rc6 Ra2
41. Nf3 Bd8 42. Qb5 Qa3 43. Qd3 Qb2 44. R6c2 Qa3 45. Rxa2 Qxa2 46. Qc2 Qa3 47.
Nd2 Bb6 48. Nf3 Qa6 49. Bd2 Qe2 50. Qd1 Qb5 51. Qf1 Qa5 52. Qe1 Qa3 53. Bxb4
Qxb3 54. Bc5 Ba5 55. Qg3 Qe3 56. Rh1 Rb8 57. Nh4 Qe4 58. Nf3 Rb2 59. Be7 Bd2 60.
Bf6+ Kh7 61. Nxd2 Rxd2 62. Rc1 Rxd4 63. Rc8 g5 64. fxg5 h5 65. g6+ 1-0

[Event "Women's Speed Chess Q7"]
[Site "chess.com INT"]
[Date "2021.06.06"]
[Round "15"]
[White "Antolak, Julia"]
[Black "Pourkashiyan, Atousa"]
[Result "1-0"]
[WhiteTitle "WIM"]
[BlackTitle "WGM"]
[WhiteElo "2309"]
[BlackElo "2322"]
[WhiteFideId "1159569"]
[BlackFideId "12502014"]
[EventDate "2021.06.06"]

1. e4 c5 2. Nf3 e6 3. d4 cxd4 4. Nxd4 a6 5. Bd3 Bc5 6. Nb3 Be7 7. Qg4 g6 8. O-O
Nc6 9. f4 d6 10. Kh1 Nf6 11. Qe2 O-O 12. Nc3 Qc7 13. Be3 b5 14. a3 Bb7 15. Rae1
Rac8 16. Rf3 b4 17. axb4 Nxb4 18. Rh3 Nxd3 19. cxd3 e5 20. f5 d5 21. Bg5 dxe4
22. dxe4 Qb6 23. Nc1 Rfe8 24. Nd3 Qd4 25. Be3 Qc4 26. Bg5 Nxe4 27. Bxe7 Nxc3 28.
Qxe5 Qd5 29. Qxd5 Nxd5 30. f6 Nc7 31. Rhe3 Nd5 32. Re5 Nxf6 33. Bxf6 Rxe5 34.
Bxe5 Rc2 35. Bc3 Bd5 36. Rg1 h5 37. Nf4 Bc6 38. h3 Bb7 39. Kh2 Bc6 40. h4 Kh7
41. Rd1 f6 42. Rd2 Rxd2 43. Bxd2 g5 44. hxg5 fxg5 45. Nxh5 Kg6 46. Ng3 Bd5 47.
Ne2 a5 48. Nd4 a4 49. Kg3 Bc4 50. Nc6 Bd5 51. Ne5+ Kf5 52. Nd3 Bc6 53. Nc5 Be8
54. Kf3 Bc6+ 55. Kf2 Be8 56. Ke2 Bb5+ 57. Ke3 Bc6 58. g3 Kg4 59. Be1 Bb5 60. Ne4
Bc6 61. Nf6+ Kh3 62. Kd4 Bf3 63. Ke5 Kg2 64. Kf5 Kf1 65. Bc3 Kf2 66. Be5 g4 67.
Nxg4+ Kg2 68. Ne3+ Kh3 69. g4 Be2 70. g5 Bd3+ 71. Kf6 Kh4 72. g6 Kh5 73. g7 Bh7
74. Nf5 Bg8 75. Ne7 a3 76. bxa3 Bc4 77. g8=Q Kh6 78. Qxc4 Kh7 79. Qe4+ Kh8 80.
Qh4# 1-0

[Event "Women's Speed Chess Q7"]
[Site "chess.com INT"]
[Date "2021.06.06"]
[Round "15"]
[White "Potapova, Margarita"]
[Black "Padmini, Rout"]
[Result "0-1"]
[WhiteTitle "WIM"]
[BlackTitle "IM"]
[WhiteElo "2260"]
[BlackElo "2370"]
[WhiteFideId "14126869"]
[BlackFideId "5029295"]
[EventDate "2021.06.06"]

1. d4 Nf6 2. c4 c5 3. d5 b5 4. cxb5 a6 5. bxa6 g6 6. Nc3 Bxa6 7. e4 Bxf1 8. Kxf1
d6 9. Nf3 Nbd7 10. g3 Bg7 11. Kg2 O-O 12. a4 Ra6 13. Qe2 Qa8 14. Ra3 e6 15. dxe6
fxe6 16. Bf4 d5 17. Re1 dxe4 18. Nxe4 Nxe4 19. Qxe4 Qxe4 20. Rxe4 Bxb2 21. Rb3
Bg7 22. Rb7 Nf6 23. Rc4 Nd5 24. Bd6 Rfa8 25. Ng5 Rxa4 26. Rxa4 Rxa4 27. Nxe6 Bd4
28. Bxc5 Bxc5 29. Nxc5 Ra2 30. Ne6 Ne3+ 31. Kf3 Nf5 32. h4 h5 33. Nf4 Nd4+ 34.
Ke4 Nc6 35. f3 Ra4+ 36. Kd5 Nb4+ 37. Ke6 Ra6+ 38. Ke5 Nc6+ 39. Ke4 Na5 40. Rc7
Nb3 41. Nd5 Nd2+ 42. Ke3 Nf1+ 43. Kf2 Nd2 44. Ne7+ Kf8 45. Nd5 Nb3 46. Nf4 Nd4
47. g4 hxg4 48. fxg4 Nb5 49. Rc1 Kf7 50. Kg3 Ra3+ 51. Kh2 Ra2+ 52. Ng2 Nd4 53.
Rf1+ Kg7 54. Kg3 Ne2+ 55. Kh2 Nd4 56. Rf4 Ne2 57. Rb4 Nc3 58. Rb7+ Kf6 59. Rb6+
Kg7 60. Kg3 Ne4+ 61. Kh2 Nf2 62. g5 Ng4+ 63. Kg3 Ne5 64. Nf4 Ra3+ 65. Kg2 Ra2+
66. Kf1 Ra1+ 67. Ke2 Ra2+ 68. Kd1 Ra4 69. Ne6+ Kf7 70. Nc5 Rxh4 71. Rb7+ Kf8 72.
Ne6+ Ke8 73. Nc7+ Kd7 74. Nd5+ Kc6 75. Rb4 Rh1+ 76. Ke2 Kxd5 77. Rb5+ Ke4 78.
Rb4+ Kf5 79. Rb5 Rh2+ 80. Kf1 Rh1+ 81. Kg2 Rc1 82. Kf2 Rc2+ 83. Ke3 Rc3+ 84. Kf2
Rc2+ 85. Kg3 Rc4 86. Kf2 Rf4+ 87. Kg3 Rg4+ 88. Kf2 Rxg5 89. Ra5 Rg4 90. Ke3 Re4+
91. Kf2 g5 92. Kg3 Rb4 93. Kg2 Rb3 94. Kf2 g4 95. Kg2 Kf4 96. Ra4+ Kf5 97. Ra5
Rc3 98. Ra4 Rc4 99. Ra5 Kf4 100. Ra8 Rc2+ 101. Kf1 Kg3 102. Re8 Nf3 103. Re7
Rf2# 0-1

[Event "Women's Speed Chess Q7"]
[Site "chess.com INT"]
[Date "2021.06.06"]
[Round "16"]
[White "Kulkarni, Bhakti"]
[Black "Babiy, Olga"]
[Result "0-1"]
[WhiteTitle "IM"]
[BlackTitle "WGM"]
[WhiteElo "2391"]
[BlackElo "2280"]
[WhiteFideId "5019516"]
[BlackFideId "14117258"]
[EventDate "2021.06.06"]

1. d4 d5 2. c4 dxc4 3. e3 Nf6 4. Nf3 e6 5. Bxc4 a6 6. O-O c5 7. Qe2 Nc6 8. Rd1
Be7 9. dxc5 Qc7 10. Nc3 Bxc5 11. e4 Ng4 12. Rf1 Nd4 13. Nxd4 Qxh2# 0-1

[Event "Women's Speed Chess Q7"]
[Site "chess.com INT"]
[Date "2021.06.06"]
[Round "16"]
[White "Jakubowska, Anna"]
[Black "Nurmanova, Alua"]
[Result "0-1"]
[WhiteTitle "WIM"]
[BlackTitle "WFM"]
[WhiteElo "2073"]
[BlackElo "2093"]
[WhiteFideId "1121952"]
[BlackFideId "13729390"]
[EventDate "2021.06.06"]

1. e4 d6 2. d4 Nf6 3. Nc3 g6 4. g3 Bg7 5. Bg2 O-O 6. Nge2 c6 7. a4 Nbd7 8. O-O
e5 9. h3 Qc7 10. f4 b6 11. f5 exd4 12. Nxd4 Ne5 13. Kh2 Ba6 14. Rf2 Rad8 15. g4
d5 16. g5 Nf3+ 17. Kh1 Qh2# 0-1